Urbanistické problémy při lokalizaci nových průmyslových investic a přestavbě průmyslových zařízení /
Guardado en:
| Autor principal: | |
|---|---|
| Formato: | Libro |
| Lenguaje: | eslovaco checo |
| Publicado: |
Brno :
Výzkumný ústav výstavby a architektury státního výboru pro výstavbu. Skupina územního plánování,
1959
|
| Edición: | 1. vydanie |
| Materias: | |
| Etiquetas: |
Sin Etiquetas, Sea el primero en etiquetar este registro!
|
MARC
| LEADER | 00000nam a22000003a 4500 | ||
|---|---|---|---|
| 001 | 0109436 | ||
| 003 | SK-STU | ||
| 005 | 20240527154201.6 | ||
| 007 | ta | ||
| 008 | 240521s ----xo-----f------000-0-slo-d | ||
| 040 | |a STU |b slo | ||
| 041 | 0 | |a cze | |
| 044 | |a xr | ||
| 100 | 1 | |a Malík, Zdeněk |4 aut | |
| 245 | 1 | 0 | |a Urbanistické problémy při lokalizaci nových průmyslových investic a přestavbě průmyslových zařízení / |c aut. Zdeněk Malík |
| 250 | |a 1. vydanie | ||
| 260 | |a Brno : |b Výzkumný ústav výstavby a architektury státního výboru pro výstavbu. Skupina územního plánování, |c 1959 | ||
| 300 | |a 249 s. | ||
| 500 | |a chyba v slove lokalisaci / lokalizaci na obálke | ||
| 650 | 0 | 7 | |a priemyselné stavby |
| 650 | 0 | 7 | |a priemyselné zóny |
| 650 | 0 | 7 | |a revitalizácia priemyselných území |
| 996 | |b 284AU10008 |c A* 13377/U |l AAKNAR |s A |a 24 |w 0109436_0001 | ||